00850cam a22002171 450000100060000000300080000600500170001400800390003103500200007003500190009004000450010904100080015408200230016224500990018526001190028430000310040350001150043460000280054965100370057770000180061426221BD-RjUL20211209051003.0140320t1959 enk 000 0 eng a(BD-RjUL) 26291 a(OCoLC)3251913 aDLCcKyLoUdOCoLCdUkdDLCdBD-RjULbeng aeng04a943.9105bTRU 195904aThe Truth about the Nagy affair :bfacts, documents, comments /cWith a pref. by Albert Camus. aLondon ;bPublished for the Congress for Cultrual Freedom by Secker & Warburg;aNew York :bF. A. Praeger,c1959. a215 p. :billus. ;c26 cm. a"This work has been produced by a group of friends and former colleagues of Imre Nagy living outside Hungary".10aNagy, Imre,d1896-1958. 0aHungaryxForeign public opinion.1 aCamus, Albert